000 00452 a2200145 4500
999 _c2434
_d2434
020 _a0797427341
050 _aHC502 HOL 2003
100 _aHollaway, John
_eauthor
245 _aA great deal of nonsense :
_bpoverty and the noble savage /
_cJohn Hollaway
264 _aJohannesburg :
_bCapricorn Books,
_c2003
300 _ax, 326p. :
500 _aBibliography Title from cover
650 _aPoverty
_xAfrica, Sub-Saharan
942 _2lcc
_cBK
_h502
_iHOL
_kHC